Southville International School and Colleges
Your cart is empty.
  • Cart
  • Lists
    Public lists Eva Luna New books Lux_list list_1
    Your lists Log in to create your own lists
  • Log in to your account
  • Your cookies
  • Search history
Southville International School and Colleges
  • Advanced search
  • Recent comments
  • Most popular
  • Libraries

Log in to your account

Log in with GOOGLE


If you do not have an external account, but do have a local account, you can still log in:

  1. Home
  2. MARC view: Healing and preventing autism :
Normal view MARC view ISBD view

Healing and preventing autism : (Record no. 339954)

[ view plain ]
MARC details
000 -LEADER
fixed length control field 00786nam a2200301Ia 4500
008 - FIXED-LENGTH DATA ELEMENTS--GENERAL INFORMATION
fixed length control field 170711s9999 xx 000 0 und d
020 ## - INTERNATIONAL STANDARD BOOK NUMBER
International Standard Book Number 9780525950132
050 ## - LIBRARY OF CONGRESS CALL NUMBER
Classification number 618.92
050 ## - LIBRARY OF CONGRESS CALL NUMBER
Item number M478 2009
100 ## - MAIN ENTRY--PERSONAL NAME
Personal name McCarthy, Jenny
245 ## - TITLE STATEMENT
Title Healing and preventing autism :
245 ## - TITLE STATEMENT
Remainder of title a complete guide /
245 ## - TITLE STATEMENT
Statement of responsibility, etc by Jenny McCarthy and Jerry Kartzinel.
260 ## - PUBLICATION, DISTRIBUTION, ETC. (IMPRINT)
Place of publication, distribution, etc New York :
260 ## - PUBLICATION, DISTRIBUTION, ETC. (IMPRINT)
Name of publisher, distributor, etc Plume Book,
260 ## - PUBLICATION, DISTRIBUTION, ETC. (IMPRINT)
Date of publication, distribution, etc 2009
300 ## - PHYSICAL DESCRIPTION
Extent 402 pages :
300 ## - PHYSICAL DESCRIPTION
Other physical details illustrations ;
300 ## - PHYSICAL DESCRIPTION
Dimensions 20cm.
500 ## - GENERAL NOTE
General note Includes index.
650 ## - SUBJECT ADDED ENTRY--TOPICAL TERM
Topical term or geographic name as entry element Autism in children --
650 ## - SUBJECT ADDED ENTRY--TOPICAL TERM
Topical term or geographic name as entry element Autism in children.
650 ## - SUBJECT ADDED ENTRY--TOPICAL TERM
Topical term or geographic name as entry element Autistic disorder --
650 ## - SUBJECT ADDED ENTRY--TOPICAL TERM
General subdivision Popular works.
650 ## - SUBJECT ADDED ENTRY--TOPICAL TERM
General subdivision Prevention & control.
700 ## - ADDED ENTRY--PERSONAL NAME
Personal name Kartzinel, Jerry.
700 ## - ADDED ENTRY--PERSONAL NAME
Personal name Title.

No items available.

Healing and preventing autism :

APA

McCarthy J., Kartzinel J. & Title.Healing and preventing autism. New York: .

Chicago

McCarthy Jenny, Kartzinel Jerry and Title.Healing and preventing autism. New York: .

Harvard

McCarthy J., Kartzinel J. and Title.Healing and preventing autism. New York: .

MLA

McCarthy Jenny, Kartzinel Jerry and Title.New York: . .

  • Print
  • Cite
  • Add to your cart (remove)
  • Save record
    BIBTEX Dublin Core MARCXML MARC (non-Unicode/MARC-8) MARC (Unicode/UTF-8) MARC (Unicode/UTF-8, Standard) MODS (XML) RIS
  • More searches
    Search for this title in:
    Other Libraries (WorldCat) Other Databases (Google Scholar) Online Stores (Bookfinder.com) Open Library (openlibrary.org)

Exporting to Dublin Core...

SOUTHVILLE LIBRARY

Southville International School and Colleges Library

1281 Tropical Ave. Cor. Luxembourg St., BF Homes International, Las Pinas City

Tel. No. 8256374 / 252358 Loc. 117/146

Powered by Koha